000 00530nam a22001817a 4500
999 _c9167
_d9167
003 AR-CdUCM
008 190327b ||||| |||| 00| 0 spa d
040 _aMUNICIPALIDAD PROVINCIAL DEL CUSCO
_cBIBLIOTECA MUNICIPAL DEL CUSCO
082 _a869.56 /
_b216
100 _aGarciarosales, Gerardo
_925213
245 _aAymoray :
_ben memoria del hogar y la penumbra /
260 _aJauja :
_bXauxal,
_c1969.
300 _a12 páginas ;
_c15 cm.
505 _aPoesía.
650 _aPoesía.
_9139
942 _2ddc
_cLIBROS
945 _awf